El progreso y su fórmula (Record no. 55229)

MARC details
000 -LEADER
campo de control de longitud fija 00515nam a2200169 i 4500
001 - NÚMERO DE CONTROL
campo de control 55229
003 - IDENTIFICADOR DE NÚMERO DE CONTROL
campo de control ES-MaACL
005 - FECHA Y HORA DE LA ÚLTIMA TRANSACCIÓN
campo de control 20230906163115.0
007 - CAMPO FIJO DE DESCRIPCIÓN FÍSICA--INFORMACIÓN GENERAL
campo de control de longitud fija t|
008 - DATOS DE LONGITUD FIJA--INFORMACIÓN GENERAL
campo de control de longitud fija 030916s1912 ag ||||1| spa d
100 1# - ENTRADA PRINCIPAL--NOMBRE DE PERSONA
Nombre de persona Dellepiane, Antonio.
9 (RLIN) 43540
245 13 - MENCIÓN DEL TÍTULO
Título El progreso y su fórmula
Resto del título : la lucha por el progreso /
Mención de responsabilidad, etc. Antonio Dellepiane.
260 ## - PUBLICACIÓN, DISTRIBUCIÓN, ETC.
Lugar de publicación, distribución, etc. Buenos Aires :
Nombre del editor, distribuidor, etc. Albasio,
Fecha de publicación, distribución, etc. 1912.
300 ## - DESCRIPCIÓN FÍSICA
Extensión 32 p. ;
Dimensiones 27 cm.
500 ## - NOTA GENERAL
Nota general Publicado en la revista: Nosotros, mayo de 1912.
852 ## - LOCALIZACIÓN
Ubicación ES-MaACL
Número de control de estantería T-1323-F-4
Holdings
Estatus retirado Estado de pérdida Estado de daño No para préstamo Colección Biblioteca de origen Biblioteca actual Ubicación en estantería Fecha de adquisición Fuente de adquisición Total de préstamos Signatura topográfica completa Código de barras Visto por última vez Precio de reemplazo Tipo de ítem Koha
        Colección de folletos Biblioteca del Ateneo de Madrid Biblioteca del Ateneo de Madrid Depósito folletos 17/01/2008     T-1323-F-4 1058030 23/02/2023 23/02/2023 Folleto